| 000 | 00711nam a2200157 a 4500 | ||
|---|---|---|---|
| 008 | 150520s1980 ||||||||||||||||| || u | ||
| 050 | _aGOV.ZAM(058)TNDP/1983 | ||
| 110 | _aGovernment of the Republic of Zambia. National Commission for Development Planning (NCDP) | ||
| 245 | 1 | 0 |
_aThird national development plan: annual plan, 1983 _cBy The National Commission for Development Planning |
| 260 |
_aLusaka: _bNCDP _c1980 |
||
| 300 | _a411p.: ill. | ||
| 350 | _a0.00 | ||
| 650 | 0 | _aAFRICA--ECONOMIC CONDITIONS | |
| 650 | _aECONOMIC DEVELOPMENT PLAN--ZAMBIA | ||
| 995 |
_FCBU-MAIN LIBRARY (Kitwe) _I0.00 _M1 _UAVAILABLE _WMay 20, 2015 _ZZambiana Collection |
||
| 999 |
_c59849 _d59849 |
||